Open Data Biblioteca Nacional de Portugal


República Portuguesa: Ministério da Cultura
Biblioteca Nacional de Portugal

Catálogo da BNP: acesso por Identificadores Unívocos
Registos Bibliográficos associados ao registo de autoridade

Etiqueta de registo: 00254nac 2200025 450
001 1852496
003 http://id.bnportugal.gov.pt/bib/catbnp/1852496
100 ## $a20131010d1880 k y0pory01030103ba
101 0# $apor
102 ## $aPT
105 ## $ay z 000yy
106 ## $ar
200 1# $aEstatutos$fda Associação Monte-Pio Philarmonico
210 #9 $aLisboa$cTyp. Universal,$d1880
215 ## $a33, [2] p.$d20 cm
300 ## $aEstatutos submetidos à aprovação de Sua Magestade em 15 de maio de 1880. Aprovados por alvará de 14 de julho de 1880
482 #1 $10011812733$tEstatutos$aAssociação Esperança de todas as Classes$cPorto.Impr. Popular de Mattos Carvalho & Vieira Paiva,$d1875$5PTBN: S.C. 135877 V.
675 ## $a364.6(469.121)"1880"(094.5)$vBN$zpor$31548067
675 ## $a368.03(469.121)"1880"(094.5)$vBN$zpor$31548069
710 02 $aAssociação Montepio Filarmónico$31515815
801 #0 $aPT$bBN$gRPC
997 ## $aBIBEOD

Etiqueta de registo: 00558cam 2200193 450
001 681762
003 http://id.bnportugal.gov.pt/bib/catbnp/681762
100 ## $a19970515d1877 m y0pory01030103ba
101 0# $apor
102 ## $aPT
200 1# $aEstatutos da Associação Monte-Pio Phylarmonico$esubmettidos à approvação do Governo de sua Magestade em 10 de junho de 1874$eaprovados por decreto de 13 de Fevereiro de 1877
210 #9 $aLisboa$cTypographia Universal,$d1877
215 ## $aV, [1], 60 p.$d15 cm
317 ## $aIPPC, Departamento de Musicologia $5PTBN: M. 3116 P.
518 1# $aEstatutos da Associação Montepio Filarmónico
675 ## $a78.07(094.58)"1860"$vBN$zpor$3684410
710 01 $aLisboa.$bMonte-Pio Filarmónico$3248860
711 02 $aAssociação Montepio Filarmónico$31515815
801 #0 $aPT$bBN$gRPC
966 ## $lBN$mMUSICA$sM. 762 P.
966 ## $lBN$mMUSICA$sM. 3116 P.$x7
976 ## $d20260619$rmemarques
997 ## $aBIBEOD

OpendataBNP@bnportugal.pt | Mais informação sobre acesso aos dados BNP